| Tag |
First Indicator |
Second Indicator |
Subfields |
| LEADER |
00000cam a2200000 4500 |
| 001 |
in00000049371 |
| 005 |
20151007071703.0 |
| 008 |
691121r19691923nyuab 00100 eng |
| 010 |
|
|
|a 75089036
|
| 020 |
|
|
|a 0837117623
|
| 035 |
|
|
|a (OCoLC)00030481
|
| 035 |
|
|
|9 AAE6444AM
|
| 040 |
|
|
|a DLC
|c DLC
|d TXA
|d UtOrBLW
|
| 049 |
|
|
|a TXAM
|
| 050 |
0 |
0 |
|a DT406
|b .J3 1969
|
| 082 |
0 |
|
|a 967/.73
|
| 100 |
1 |
|
|a Jardine, Douglas James,
|d 1888-1946.
|
| 245 |
1 |
4 |
|a The Mad Mullah of Somaliland /
|c by Douglas Jardine ; with a foreword by the Right Honourable the Viscount Milner.
|
| 264 |
|
1 |
|a New York :
|b Negro Universities Press,
|c 1969.
|
| 300 |
|
|
|a 336 pages :
|b illustrations, folded maps ;
|c 23 cm.
|
| 336 |
|
|
|a text
|b txt
|2 rdacontent
|
| 337 |
|
|
|a unmediated
|b n
|2 rdamedia
|
| 338 |
|
|
|a volume
|b nc
|2 rdacarrier
|
| 500 |
|
|
|a Reprint of the 1923 edition.
|
| 600 |
0 |
0 |
|a Maxamad Cabdulle Xasan,
|d 1864-1920.
|
| 651 |
|
0 |
|a British Somaliland
|x History.
|
| 944 |
|
|
|a stk
|h REPL<58063>REP-SAME<>REF<rhankins>
|m Replacement on order
|
| 999 |
|
|
|a MARS
|
| 999 |
f |
f |
|s dd1e0c13-8134-3c32-b72a-0a99a641dc92
|i cd079a47-0e58-3c5e-b746-92fa75bb4174
|t 0
|
| 952 |
f |
f |
|p ric
|a Texas A&M University
|b Rellis Campus
|c Joint Library Facility
|d Remote Storage
|t 0
|e DT406 .J3 1969
|h Library of Congress classification
|i unmediated -- volume
|m A14837595059
|
| 998 |
f |
f |
|a DT406 .J3 1969
|t 0
|l Remote Storage
|